Marketingová komunikácia a jej nástroje
Na minha lista:
| Autor principal: | |
|---|---|
| Formato: | Capítulo de Livro |
| Idioma: | inglês eslovaco |
| Assuntos: | |
| Tags: |
Sem tags, seja o primeiro a adicionar uma tag!
|
MARC
| LEADER | 00000nla a2200000 4500 | ||
|---|---|---|---|
| 001 | 0235712 | ||
| 005 | 20240522140217.9 | ||
| 041 | 0 | |a eng | |
| 041 | 0 | |a slo | |
| 044 | |a SK | ||
| 245 | 1 | 0 | |a Marketingová komunikácia a jej nástroje |c Stanislava Deáková |
| 500 | |a Abstrakt | ||
| 610 | 2 | 0 | |a komunikácia marketingová |
| 610 | 2 | 0 | |a nástroje marketingové |
| 610 | 2 | 0 | |a telefón mobilný |
| 610 | 2 | 0 | |a stránky webové |
| 610 | 2 | 0 | |a médiá sociálne |
| 610 | 2 | 0 | |a zákazníci |
| 100 | 1 | |a Deáková, Stanislava, 1974- | |